banner-ar

PHILOSOPHIE, FRANCE, XIX SIECLE : ECRITS ET OPUSCULES / (Record no. 25460)

MARC details
000 -الفاتح
حقل البيانات ثابتة الطول 00697nam a2200253Ia 4500
005 - وقت وتاريخ اخر تعامل مع التسجيلة
رقم الضبط 20240530101158.0
008 - عناصر البيانات ثابتة الطول - معلومات عامة
حقل البيانات ثابتة الطول 140319s9999 xx 000 0 eng d
040 ## - مصدر الفهرسة
وكالة الفهرسة الأصلية GCL /
وكالة النسخ GCL
082 04 - رقم تصنيف ديوى العشرى
رقم التصنيف 194
رقم المادة D P
100 1# - المدخل الرئيسى - إسم شخصى
الإسم الشخصى VERMEREN, PATRICE
245 10 - بيان العنوان
العنوان PHILOSOPHIE, FRANCE, XIX SIECLE : ECRITS ET OPUSCULES /
بيان المسئوليه,etc VERMEREN, PATRICE
260 ## - PUBLICATION, DISTRIBUTION, ETC. (IMPRINT)
تاريخ النشر أو التوزيع 1994
300 ## - الوصف المادى
التعداد 1016
650 04 - المدخل الاضافى بالموضوع-مصطلح موضوعى
مصطلح موضوعي FREE TRADE
650 04 - المدخل الاضافى بالموضوع-مصطلح موضوعى
مصطلح موضوعي PHILOSOPHY - HISTORY
650 04 - المدخل الاضافى بالموضوع-مصطلح موضوعى
مصطلح موضوعي PHILOSOPHY
650 04 - المدخل الاضافى بالموضوع-مصطلح موضوعى
مصطلح موضوعي FRENCH PHILOSOPHY
650 04 - المدخل الاضافى بالموضوع-مصطلح موضوعى
مصطلح موضوعي MODERN - PHILOSOPHY
650 04 - المدخل الاضافى بالموضوع-مصطلح موضوعى
مصطلح موضوعي FRANCE - PHILOSOPHY
700 1# - المدخل الاضافى - اسم شخصى
الإسم الشخصى DROIT, ROGER-POL
700 1# - المدخل الاضافى - اسم شخصى
الإسم الشخصى DOUAILLER, STEPHANE
942 ## - عناصر المدخل الإضافي( كوها)
مصدر التصنيف او مخطط الترفيف Dewey Decimal Classification
Koha [default] item type كتاب
260 ## - PUBLICATION, DISTRIBUTION, ETC. (IMPRINT)
-- [S.N] :
-- LE LIVRE DE POCHE ،
Holdings
حالة التراجع حالة الفقد حالة تلف ليس للاعارة المكان المؤقت الموقع الحالى تاريخ الاكتساب اجمالي اﻻعارات رقم الطلب الباركود تاريخ اخر مشاهدة تاريخ تفعيل السعر نوع وعاء كوها
        مكتبة القاهرة الكبرى مكتبة القاهرة الكبرى 03/26/2014   194\D P 44863 03/26/2014 03/26/2014 كتاب

Powered By

EGPV